Städte in NRW - Sudden Death - Statistiken

Allgemein
  • Dieses Quiz wurde 1.592 mal gespielt
  • Das Durchschnittsergebnis liegt bei 14 aus 20
Answers on the Grid
Answers color-coded by a green-red scale on the quiz's grid according to % correct below.
Aachen
Arnsberg
Bielefeld
Bottrop
Dessau-Roßlau
Düren
Düsseldorf
Essen
Gera
Göttingen
Gütersloh
Hagen
Hanau
Herne
Hildesheim
Iserlohn
Koblenz
Köln
Krefeld
Minden
Moers
Mönchengladbach
Münster
Oldenburg
Osnabrück
Remscheid
Rheine
Solingen
Speyer
Trier
 
Antwortstatistiken
Antwort % Korrekt
Düsseldorf
93%
Aachen
92%
Bielefeld
86%
Essen
86%
Köln
81%
Bottrop
78%
Mönchengladbach
75%
Hagen
71%
Münster
71%
Herne
69%
Krefeld
69%
Düren
64%
Gütersloh
63%
Solingen
61%
Moers
58%
Remscheid
57%
Arnsberg
55%
Iserlohn
55%
Rheine
52%
Minden
51%
Keine übereinstimmenden Quizze gefunden
Verteilung der Resultate
Anzahl Personen mit jedem Resultat
Perzentil nach korrekt beantworteten Fragen
Ihre Resultats-Entwicklung
Sie haben dieses Quiz noch nicht gespielt